Statistics for U.S. States With The Highest German Population

Click here to take the quiz!

General Stats

  • This quiz has been taken 38 times
  • The average score is 9 of 10

Answer Stats

Rank% of Region's PopulationU.S. State% Correct
536.7Minnesota
94%
242.6Wisconsin
94%
635.7Iowa
91%
143.9North Dakota
91%
340.7South Dakota
91%
925.8Kansas
89%
727Montana
89%
438.6Nebraska
89%
1025.4Pennsylvania
86%
825.9Wyoming
86%

Score Distribution

Percentile by Number Answered

Percent of People with Each Score

Your Score History

You have not taken this quiz